| 000 | 01778ata a2200577 4500 | ||
|---|---|---|---|
| 005 | 20251114184717.0 | ||
| 008 | 150521b xxu||||| |||| 00| 0 spa d | ||
| 020 | _a9789701056219 | ||
| 041 | _aESP | ||
| 082 | _a658.403.4 H654i8 | ||
| 100 |
_aHillier,Frederick S _930730 |
||
| 100 |
_aLieberman,Gerald J _926314 |
||
| 245 | _aIntroducción a la investigación de operaciones | ||
| 260 | _aMéxico | ||
| 260 | _bMcGraw-Hill | ||
| 260 | _c2006 | ||
| 300 | _a1064 páginas | ||
| 490 | _aDirección y Administración de Empresas | ||
| 650 | _aINVESTIGACIÓN DE OPERACIONES | ||
| 650 | _aALGORITMOS | ||
| 650 | _aMODELO MATEMÁTICO | ||
| 650 | _aRECOLECCIÓN DE DATOS | ||
| 650 | _aPROGRAMACIÓN LINEAL | ||
| 650 | _aPROTOTIPO | ||
| 650 | _aPROGRAMACIÓN LINEAL EN UNA HOJA DE CÁLCULO | ||
| 650 | _aTEORÍA DE COLAS | ||
| 650 | _aINVENTARIOS | ||
| 650 | _aPROGRAMACIÓN LINEAL: METODO SIMPLEX | ||
| 650 | _aÁLGEBRA DEL METODO SIMPLEX | ||
| 650 | _aTEORIA DEL METODO SIMPLEX | ||
| 650 | _aTEORÍA DE DUALIDAD | ||
| 650 | _aALGORITMOS PARA PROGRAMACIÓN LINEAL | ||
| 650 | _aPROGRAMACIÓN LINEA PARAMÉTRICA | ||
| 650 | _aPROBLEMA DE TRANSPORTE | ||
| 650 | _aMODELOS DE OPTIMAZACIÓN DE REDES | ||
| 650 | _aPROGRAMACIÓN ALNAMICA | ||
| 650 | _aPROGRAMACIÓN ENTERA | ||
| 650 | _aPROGRAMACIÓN NO LINEAL | ||
| 650 | _aPROGRAMACIÓN CUADRÁTICA | ||
| 650 | _aPROGRAMACIÓN SEPARABLE | ||
| 650 | _aPROGRAMACIÓN CONVEXA | ||
| 650 | _aMETAHEURÍSTICA | ||
| 650 | _aTEORÍA DE JUEGOS | ||
| 650 | _aANÁLISIS DE DECISIONES | ||
| 650 | _aCADENA DE MARKOV | ||
| 650 | _aTEORÍA DE COLAS | ||
| 650 | _aTEORÍA DE INVENTARIOS | ||
| 650 | _aPROCESOS DE DECISIÓN MARKOVIANOS | ||
| 650 | _aSIMULACIÓN | ||
| 942 |
_cBK _2ddc |
||
| 999 |
_c5873 _d5873 |
||